Archiva(a)rischer Brückenschlag oder
| Titel: | Archiva(a)rischer Brückenschlag oder : eine weitere Verbindung über die Aare |
|---|---|
| Verfasser: | |
| Beteiligt: | |
| In: |
Arbido, Heft 1 (2013), Seite 27-29 alle Artikel anzeigen |
| Veröffentlicht: | 2013 |
| Format: | Aufsatz |
X
alg: 44203356 001A $03036:30-01-19 001B $01999:30-01-19 $t23:09:01.000 001D $03036:30-01-19 001U $0utf8 001X $00 002@ $0Aox 003@ $0442033567 007A $0442033567 $aHEB 007T $0ArchMa21388 011@ $a2013 021A $aArchiva(a)rischer Brückenschlag oder $deine weitere Verbindung über die Aare 028A $aGisi $dLucas Marco 028B/01 $aWieland $dMagnus 031A $e1 $h27-29 $j2013 039B $aIn $8--Abvc--. Arbido. - Bern : Stämpfli, 1995-2016. - ISSN 1420-102X $x201300000000001973 $9048657298 045T $a24,1 lok: 44203356 105 exp: 44203356 105 1 #EPN 201B/01 $030-01-19 $t15:40:29.000 201C/01 $030-01-19 201U/01 $0utf8 203@/01 $01042417814 208@/01 $a13-12-18 $be 209A/01 $a/ $f106 $x00 245Z/01 $a2.15.08. $bArchivwissenschaft und Archivtheorie / Archivbereiche / Literatur- und Kunstarchive $x01 245Z/01 $a4.12.02. $bArchivwesen Europas / Schweiz, Liechtenstein / Archive und Archivbestände $x02 247C/01 $8->Marburg, Bibliographie zum Archivwesen der Archivschule Marburg $939588196X
| LEADER | 00000caa a22000002c 4500 | ||
|---|---|---|---|
| 001 | 442033567 | ||
| 003 | DE-603 | ||
| 005 | 20190130230901.0 | ||
| 007 | tu | ||
| 008 | 190130s2013 xx |||| | u00||u|und c | ||
| 035 | |a (DE-599)HEB442033567 | ||
| 040 | |a DE-603 |b ger |c DE-603 |d DE-603 | ||
| 084 | |a 24,1 |2 ssgn | ||
| 100 | 1 | |a Gisi, Lucas Marco | |
| 245 | 0 | 0 | |a Archiva(a)rischer Brückenschlag oder |b eine weitere Verbindung über die Aare |
| 264 | 0 | |c 2013 | |
| 700 | 1 | |a Wieland, Magnus | |
| 773 | 0 | 8 | |i In |t Arbido |d Bern : Stämpfli, 1995-2016 |x 1420-102X |g Heft 1 (2013), Seite 27-29 |w (DE-603)048657298 |w (DE-600)1221449-8 |
| 924 | 0 | |9 - |a (DE-603)1042417814 |b DE- |c HES |d d |g / | |